Statistics for Countries Without The Letter A In Its Name

Click here to take the quiz!

General Stats

  • This quiz has been taken 225 times
  • The average score is 21 of 31

Answer Stats

Country% Correct
Mexico
84%
Egypt
83%
Chile
81%
Yemen
80%
Peru
79%
Sweden
78%
Belize
77%
Belgium
76%
Luxembourg
76%
Greece
74%
Morocco
74%
Turkey
74%
Benin
72%
Comoros
72%
Fiji
72%
Djibouti
71%
Liechtenstein
71%
Togo
69%
Lesotho
67%
Brunei
66%
Burundi
65%
Cyprus
65%
Philippines
65%
United Kingdom
63%
Seychelles
62%
Czech Republic
58%
Kosovo
56%
Niger
56%
Montenegro
46%
Cote d'Ivoire
35%
Republic of the Congo
33%

Score Distribution

Percentile by Number Answered

Percent of People with Each Score

Your Score History

You have not taken this quiz